| 000 | 01410nam a2200121Ia 4500 | ||
|---|---|---|---|
| 008 | 220620s9999||||xx |||||||||||||| ||und|| | ||
| 100 | _aDou, Q. Ping | ||
| 245 | 0 | _aTea in Health and Disease | |
| 546 | _aEnglish[eng] | ||
| 650 | _apolyphenols||n/a||cell cycle arrest and apoptosis||neuroblastoma||salivary ?-amylase activity||cancer apoptosis||yaupon holly||bioaccessibility||fracture||p53||tea||Liubao tea||BE(2)-C||matrix metalloproteinase-1 (MMP-1)||catechin||renal stone||oxalate||protein expression||67LR||Alzheimer’s disease||EGCG||nutraceutical||diseases||anti-oxidant||heme oxygenase-1||polyphenol||anxiety||matcha||ERCC1/XPF||neuro-sphere||tea consumption||theanine||Rosmarinic acid||yerba mate||hypercalciuria||gene expression||microbiota||cohort study||histone deacetylase 2 (HDAC2)||guayusa||nuclear factor erythroid 2-related factor 2 (Nrf2)||DNA repair||mRNA expression||caffeine||chemoprevention||cisplatin||6-OH-11-O-hydroxyphenanthrene||adrenal hypertrophy||hepatic damage||anti-photoaging||cell death||green tea||kudingcha||suberoylanilide hydroxamic acid (SAHA)||epigallocatechin gallate (EGCG)||stress-reduction||calcium oxalate monohydrate||Camellia sinensis||chemoresistance||tea polyphenols||green tea polyphenols||green tea catechins||N-MYC||cancer||epigallocatechin-gallate (EGCG)||Parkinson’s disease | ||
| 856 | _uhttps://mdpi.com/books/pdfview/book/1307 | ||
| 942 | _cEB | ||
| 999 |
_c28456 _d28456 |
||